000 00845nam a2200265Ia 4500
003 OSt
005 20220924123636.0
006 a|||||r|||| 00| 0
007 ta
008 220923b |||||||| |||| 00| 0 urd d
020 _a9787860008421 (hb)
020 _cINR 300.00
024 _a354503
037 _bTB4998, 29/12/2021, Technical Bureau India Pvt. Ltd.
_cTextual
040 _aARTS
_cARTS
_burd
041 _2urd
_aurd
082 _a4,42, 168P8
100 _aUsmani Anjum Au.
_9193367
245 0 _aTelivsion nashriyat: tareekh, tehreer, technique
260 _aNew Delhi
_b Faisal international India
_c2008
300 _a240p.
_ccm.
650 _aJOURNALISM
_929614
942 _h4,42, 168P8
_cTEXL
_2CC
999 _c416556
_d416556